Statistiques concernant Culture Générale - Série 935

Cliquez ici pour prendre le quiz!

Statistiques générales

  • Ce quiz a été pris 39 fois
  • Le résultat moyen est 6 sur 10

Statistiques - réponses

Question Réponse % Correct
Complétez la fable de La Fontaine : "La Grenouille qui veut se faire aussi grosse que...le boeuf
95%
De quel pays est originaire le dessert appelé "forêt-noire" ?Allemagne
92%
Dans quel chef-lieu des Bouches-du-Rhône, Marcel Pagnol posséda-t-il des studios de cinéma ?Marseille
85%
Quel chanteur a popularisé “Petit Papa Noël” dans les années 1940 ?Tino Rossi
82%
Les 24 premiers albums d'Astérix ont été signés par René Goscinny et Albert...Uderzo
79%
D'après le titre d'une pièce de Samuel Beckett, qu'attendent Vladimir et Estragon ?Godot
56%
D'après le refrain de la chanson de Jacques Dutronc, comment se prénomme le fils du père Fouettard ?Jean Balthazar
36%
Qui interprète le personnage de Lucie Aubrac, dans le film du nom sorti en 1997 ?Carole Bouquet
33%
Contre quelle nation, la France s'est-elle inclinée, en finale hommes, de l'Euro 2009 de volley-ball ?Pologne
18%
Complétez le titre d'une pièce de Tennessee Williams de 1959 : "Doux oiseau de...jeunesse
8%

Distribution des résultats

Percentile par nombre de réponses

% des personnes avec chaque résultat

Votre développement - résultats

Vous n’avez pas pris ce quiz